000 00289nam a22001337a 4500
008 170706b xxu||||| |||| 00| 0 eng d
020 _a9780393310771
041 _aeng
080 _a82
100 _a22
101 _aGJL
245 _aTHE GREEK WAY
_cHAMILTON.E
942 _2udc
_cBK
999 _c19960
_d19960